Представление документа в формате RUSMARC

ПолеНазваниеЗначение
  Тип записи a
  Библиографический уровень m
001 Контрольный номер RU\NLR\BIBL_A\011601052
005 Дата корректировки 20230707133313.8
010 Индекс ISBN __
a ISBN 978-5-17-103905-9
d Цена 570-90
021 № государственной регистрации __
b № документа 2017-99333
100 Данные общей обработки __
a Данные общей обработки 19180124d20 |||y0rusy0189 ca
101 Язык документа __
a Язык текста rus
c Язык оригинала eng
102 Страна публикации __
a Страна публикации RU
102 Страна публикации __
a Страна публикации RU
105 Кодированные данные (монография) __
a Кодированные данные (монография) y z 0 zy
200 Заглавие и сведения об ответственности __
a Заглавие Столп огненный
e Сведения, относящиеся к заглавию [роман]
f Первые сведения об ответственности Кен Фоллетт ; [пер. с англ. В. Желнинова]
210 Выходные данные __
a Место издания Москва
c Издательство АСТ
d Дата издания 2018
215 Физическое описание __
a Объем 926, [1] с.
225 Серия (Журнальная рубрика) __
a Серия (Журнальная рубрика) Ф.О.Л.Л.Е.Т.Т.
333 Примечание о целевом назначении __
a Примечание о целевом назначении 16+
606 Тематические рубрики __
a Основная рубрика Художественная литература
606 Тематические рубрики __
a Основная рубрика Литература Европы (произведения)
610 Ключевые слова __
a Ключевые слова английская литература
a Ключевые слова романы
686 Индексы других классификаций __
2 Код системы rubbk
a Индекс ББК 84(4Вел)6-4
700 Автор _1
a Фамилия Фоллетт
b Имя К.
f Даты 1949-
g Полное личное имя Кен
801 Источник записи _0
a Страна RU
b Организация NLR
c Дата составления 20180124
g Правила каталогизации RCR
801 Источник записи _1
a Страна RU
b Организация NLR
c Дата составления 20180124
801 Источник записи _2
a Страна RU
b Организация NLR
c Дата составления 20180124
801 Источник записи _2
a Страна RU
b Организация Центральная районная библиотека им. Г. А. Пирожникова
c Дата составления 20180124
852 Данные о местонахождении __
j Шифр хранения 84(4Вел)6
i Авторский знак Ф 75
b Сигла хранения ООЧ; 8; 22; 26; 29
901 Тип документа __
t Тип документа m
902 Роль лиц __
a Создатель БЗ ОКиО/Шумских
990 Данные о заказе (DOS) __
j Количество экземпляров (DOS) 5
h N записи в КСУ для Б/У (DOS) 2018-6